000 00221 a2200097 4500
001 28171
100 _aBowyer, C H
245 _aPhilosophical perspective for Education
260 _a
_bScott
_c1970
090 _c18826
_d18826
942 _aNUST-CAE
_cM
_c9809
999 _c263244
_d263244